Fr. Conceicao Rodrigues College of Engineering

Multimedia On The Pc (Record no. 25051)

MARC details
000 -LEADER
fixed length control field 00297nam a2200133Ia 4500
100 ## - MAIN ENTRY--PERSONAL NAME
Personal name Sinclair/ R.Ian.
245 ## - TITLE STATEMENT
Title Multimedia On The Pc
260 ## - PUBLICATION, DISTRIBUTION, ETC.
Name of publisher, distributor, etc. B.P.B.Publications
Place of publication, distribution, etc. New Delhi
Date of publication, distribution, etc. 1995
366 ## - TRADE AVAILABILITY INFORMATION
Publishers's discount category 15
300 ## - PHYSICAL DESCRIPTION
Extent 194
546 ## - LANGUAGE NOTE
Language note ENGLISH
654 ## - SUBJECT ADDED ENTRY--FACETED TOPICAL TERMS
Focus term Multimedia On The Pc
942 ## - ADDED ENTRY ELEMENTS (KOHA)
Koha item type BOOK
Holdings
Withdrawn status Lost status Damaged status Not for loan Collection Home library Current library Shelving location Date acquired Source of acquisition Cost, normal purchase price Inventory number Total Checkouts Full call number Barcode Date last seen Cost, replacement price Price effective from Koha item type
        AFT Fr. Agnel's C.Rodrigues College of Engineering Fr. Agnel's C.Rodrigues College of Engineering   17/03/2023 UNIQUE BOOKS 102.00 3090   AFT7126 17/03/2023 120.00   BOOK